000
00206 a2200073 4500
245
0
_a
Amplitudno-fazovaja konversija /
_c
Krylov G.M..
710
2
_a
Svjaz'.
_e
Wydawca
_4
pbl
260
_a
Moskva :
_b
Svjaz',
_c
1979.
300
_a
255 s.;
_c
24 cm.
999
_c
2984
_d
2984